=LDR 00000nam 2200000 4500 =001 INLIS000000001052751 =990 ##$$a 6202402159 =005 20240924022714 =035 ##$$a 0010-0924000290 =007 ta =008 240924################j##########1#ind## =020 ##$$a 978-602-9329-67-4 =082 ##$$a 741.5 =084 ##$$a 741.5 ALF n =100 #$$a Alfanisqi Brillianti =245 1#$$a Next G : $b demi cake /$c Alfanisqi Brillianti, dkk. ; penyunting, Rony Amdani =250 ##$$a Cet. 1 =260 ##$$a Bandung :$b Muffin Graphics,$c 2013 =300 ##$$a 120 hlm. : $b ilus. ; $c 21 cm =650 #4$$a Komik, Bacaan =700 #$$a Rony Amdani (penyunting) =990 ##$$a 6202402159 =990 ##$$a 6202402159